000 00437nam a2200193Ia 4500
005 20240823022722.0
008 240823s9999||||xx |||||||||||||| ||und||
020 _a81-7809-049-X
041 _aENGLISH
082 _A158.4 P0
100 _a"Ziglar,Zig"
245 0 _aSomething to Smile About
250 _a1st
260 _c2000
_b"Magna,M"
_aMumbai
500 _aYES
650 _aLife
_bGeneral
942 _cBK
999 _c179839
_d179839